000
00314nam a22001337a 4500
008
170606b xxu||||| |||| 00| 0 eng d
020
_a
9280810030
041
_a
eng
080
_a
94
100
_a
18
101
_a
SHH
245
_a
UN PEACE-KEEPING OPERATIONS: JAPANESE POLICIES
_c
HEINRICH,L.W
942
_2
udc
_c
BK
999
_c
16100
_d
16100